Geography Quiz

Random Geography or State Quiz
Score 0/9 Timer 02:00
0 Plays Today
% Correct
Texas
89.4%
Florida
80.3%
Maine
79.4%
Idaho
78.2%
Utah
76.6%
Iowa
68.1%
New York
65.7%
Vermont
64%
Wyoming
61.3%
Remove Ads.
Support Sporcle.
Get the best of Sporcle when you Go Orange. This ad-free experience offers more features, more stats, and more fun while also helping to support Sporcle. Thank you for becoming a member.

You're not logged in!

Compare scores with friends on all Sporcle quizzes.
OR
Log In

Sporcle TV

Today on Sporcle TV


Watch our educational content, quiz creation guides, and fun videos on Sporcle TV.

Show Comments

Extras

Top Quizzes Today


Score Distribution

Paid Content

Your Account Isn't Verified!

In order to create a playlist on Sporcle, you need to verify the email address you used during registration. Go to your Sporcle Settings to finish the process.

Report this User

Report this user for behavior that violates our Community Guidelines.

Details: